Yousaf Bin Tashfeen / (Record no. 522872)
[ view plain ]
| 000 -LEADER | |
|---|---|
| fixed length control field | 00375nam a22001457a 4500 |
| 005 - DATE AND TIME OF LATEST TRANSACTION | |
| control field | 20231212152115.0 |
| 008 - FIXED-LENGTH DATA ELEMENTS--GENERAL INFORMATION | |
| fixed length control field | 190125b ||||| |||| 00| 0 eng d |
| 040 ## - CATALOGING SOURCE | |
| Transcribing agency | DLC |
| 082 ## - DEWEY DECIMAL CLASSIFICATION NUMBER | |
| Classification number | 891.4393 |
| Author Mark | HIJ |
| 100 ## - MAIN ENTRY--PERSONAL NAME | |
| Personal name | Naseem Hijazi |
| 9 (RLIN) | 1033 |
| 245 ## - TITLE STATEMENT | |
| Title | Yousaf Bin Tashfeen / |
| Statement of responsibility, etc. | Naseem Hijazi |
| 260 ## - PUBLICATION, DISTRIBUTION, ETC. | |
| Place of publication, distribution, etc. | Lahore : |
| Name of publisher, distributor, etc. | Jahangir Books, |
| Date of publication, distribution, etc. | [N.D] |
| 300 ## - PHYSICAL DESCRIPTION | |
| Extent | 480p. : |
| 942 ## - ADDED ENTRY ELEMENTS (KOHA) | |
| Source of classification or shelving scheme | |
| Koha item type | Book |
| Withdrawn status | Lost status | Source of classification or shelving scheme | Damaged status | Not for loan | Permanent Location | Current Location | Date acquired | Total Checkouts | Total Renewals | Full call number | Barcode | Date last seen | Date last checked out | Price effective from | Koha item type |
|---|---|---|---|---|---|---|---|---|---|---|---|---|---|---|---|
| Central Library (CL) | Central Library (CL) | 01/25/2019 | 5 | 7 | 891.4393 HIJ | NIT-9751 | 08/01/2025 | 05/27/2025 | 01/25/2019 | Book |
